Mr. Harrison is embarrassin'! / (Record no. 627)

MARC details
000 -LEADER
fixed length control field 01561cam a22004577a 4500
005 - DATE AND TIME OF LATEST TRANSACTION
control field 20250213091545.0
020 ## - INTERNATIONAL STANDARD BOOK NUMBER
International Standard Book Number 9780061969195 (lib bdg.)
020 ## - INTERNATIONAL STANDARD BOOK NUMBER
International Standard Book Number 0061969192 (lib bdg.)
020 ## - INTERNATIONAL STANDARD BOOK NUMBER
International Standard Book Number 9780061969188 (pbk.)
020 ## - INTERNATIONAL STANDARD BOOK NUMBER
International Standard Book Number 0061969184 (pbk.)
020 ## - INTERNATIONAL STANDARD BOOK NUMBER
International Standard Book Number 9780329851521 (Follett library ed.)
020 ## - INTERNATIONAL STANDARD BOOK NUMBER
International Standard Book Number 0329851527 (Follett library ed.)
040 ## - CATALOGING SOURCE
Original cataloging agency BTCTA
Transcribing agency BTCTA
Modifying agency WIQ
-- IEP
-- RNL
-- DLC
-- FISKH
Language of cataloging eng
050 00 - LIBRARY OF CONGRESS CALL NUMBER
Classification number PZ7.G9846
Item number Mpy 2011
082 04 - DEWEY DECIMAL CLASSIFICATION NUMBER
Classification number [Fic]
Edition number 23
100 1# - MAIN ENTRY--PERSONAL NAME
Personal name Gutman, Dan.
245 10 - TITLE STATEMENT
Title Mr. Harrison is embarrassin'! /
Statement of responsibility, etc. Dan Gutman ; pictures by Jim Paillot.
246 3# - VARYING FORM OF TITLE
Title proper/short title Mister Harrison is embarrassin!
246 3# - VARYING FORM OF TITLE
Title proper/short title Mr. Harrison is embarrassing!
250 ## - EDITION STATEMENT
Edition statement 1st ed.
260 ## - PUBLICATION, DISTRIBUTION, ETC.
Place of publication, distribution, etc. New York :
Name of publisher, distributor, etc. Harper,
Date of publication, distribution, etc. 2011.
300 ## - PHYSICAL DESCRIPTION
Extent 106 pages :
Other physical details illustrations ;
Dimensions 22 cm.
490 1# - SERIES STATEMENT
Series statement My weirder school ;
Volume/sequential designation #2
505 ## - FORMATTED CONTENTS NOTE
Formatted contents note K
520 ## - SUMMARY, ETC.
Summary, etc. When the power goes out in the school, everyone panics in the dark, and only nerdy Mr. Harrison, who can fix and build anything, can save the day.
521 1# - TARGET AUDIENCE NOTE
Target audience note 560 <br/>
Source Lexile
521 1# - TARGET AUDIENCE NOTE
Target audience note K <br/>
Source Raz-Plus
650 #0 - SUBJECT ADDED ENTRY--TOPICAL TERM
Topical term or geographic name entry element Schools
Form subdivision Juvenile fiction.
650 #0 - SUBJECT ADDED ENTRY--TOPICAL TERM
Topical term or geographic name entry element Teachers
Form subdivision Juvenile fiction.
650 #1 - SUBJECT ADDED ENTRY--TOPICAL TERM
Topical term or geographic name entry element Schools
Form subdivision Fiction.
650 #1 - SUBJECT ADDED ENTRY--TOPICAL TERM
Topical term or geographic name entry element Teachers
Form subdivision Fiction.
650 #1 - SUBJECT ADDED ENTRY--TOPICAL TERM
Topical term or geographic name entry element Humorous stories.
650 #7 - SUBJECT ADDED ENTRY--TOPICAL TERM
Topical term or geographic name entry element Teachers
Form subdivision Fiction.
Source of heading or term sears
655 #7 - INDEX TERM--GENRE/FORM
Genre/form data or focus term Humorous stories
Source of term lcsh
655 #7 - INDEX TERM--GENRE/FORM
Genre/form data or focus term School stories.
Source of term sears
655 #7 - INDEX TERM--GENRE/FORM
Genre/form data or focus term Humorous fiction.
Source of term sears
700 1# - ADDED ENTRY--PERSONAL NAME
Personal name Paillot, Jim,
Relator term illustrator
906 ## - LOCAL DATA ELEMENT F, LDF (RLIN)
a 7
b cbc
c copycat
d 2
e ncip
f 20
g y-gencatlg
942 ## - ADDED ENTRY ELEMENTS (KOHA)
Source of classification or shelving scheme Dewey Decimal Classification
Koha item type Books
Suppress in OPAC No
999 ## -
-- 627
-- 627
Holdings
Withdrawn status Lost status Source of classification or shelving scheme Damaged status Not for loan Collection Home library Current library Shelving location Date acquired Total Checkouts Full call number Barcode Date last seen Date last checked out Price effective from Koha item type Copy number
    Dewey Decimal Classification     Juvenile Fiction Footprints International School Library Network Toul Kork Campus Footprints International School Library Network Toul Kork Campus TK Primary Library Room(4th Floor), Bookcase 3&4, Shelves 17-32, Yellow Books 06/27/2023 2 PAI Fic PZ7.G9846 FISTK00537 10/11/2024 09/20/2024 06/27/2023 Books  
    Dewey Decimal Classification     Juvenile Fiction Footprints International School Library Network Toul Kork Campus Footprints International School Library Network Toul Kork Campus TTP Primary Yellow Bookshelves 02/13/2025   PAI Fic PZ7.G9846 2025-0529 02/13/2025   02/13/2025 Books 2